00443 2200181 4500001002100000005001500021008004100036020002200077035001900099041000700118082001000125090001600135100002100151245002100172260002600193300003000219650001200249INLIS00000000000421020241224112852241224||||||||| | ||| |||| || |  a978-979-727-575-4 0010-1224004210 aid0 a597.8 a597.8 RIK m0 aRikky Firmansyah00aMengenal Amfibia aBandungbArmicoc2007 avi, 42 hlm.; ilus.: 21 cm 0aBiologi